000 00494nam a2200193 4500
003 OSt
005 20260530115323.0
008 260520b |||||||| |||| 00| 0 spa d
040 _aICI
_bspa
_cICI
_erda
050 _aNK1390
_b.A15
100 1 _aTroconi, Giovani
_eautor
_934742
245 _aa! Diseño
264 _aMéxico
_ba! Diseño
_c1991
300 _a61 páginas
336 _2rdacontent
_atexto
337 _2rdamedia
_asin medio
338 _2rdacarrier
_avolumen
942 _2lcc
_n1
_cBK
999 _c13884
_d13884